000 00889nam a22002897a 4500
003 CHAP
005 20220329135932.0
008 971013s1962 r 00010 d
010 _a44350
011 _a45322
035 _a49461
040 _cCHAP
090 _aFolleto 2680
100 0 0 _aRamírez Lozano, Miguel.
_994104
245 _aZacate rhodes (Chleris gayana Kunt)
260 _aMéxico, D. F. :
_bDirección General de Agricultura,
_c1962
300 _as.p.
590 _aBATCH-UPD
_b10
_c20130110
_lUCH01
_h1715
590 _aBATCH-UPD
_b10
_c20130410
_lUCH01
_h1100
590 _aBATCH-UPD
_b10
_c20130914
_lUCH01
_h1952
590 _aCONVERSION
_b10
_c20130109
_lUCH01
_h1324
650 1 4 _aZacate Rhodes.
_9123398
901 _aBK
942 _cFOLL
949 _aFolleto 2680
_bBC
_cFOLL
_d-111573
_eTS1
_i49461
_si
949 _aFolleto 2680
_bBC
_cFOLL
_d-111574
_eTS2
_fc.2
_i49461
_si
999 _c44350
_d44350